Countries with a Coastline - Sudden Death - Statistics

General Stats
  • This quiz has been taken 109 times
  • The average score is 9 of 12
Answers on the Grid
Answers color-coded by a green-red scale on the quiz's grid according to % correct below.
Paraguay
Cameroon
Thailand
Belize
Austria
Zambia
Ethiopia
Croatia
Denmark
Mongolia
Ghana
Mali
Suriname
Bhutan
Bangladesh
Chad
El Salvador
Philippines
Tuvalu
Turkmenistan
Afghanistan
Azerbaijan
Iraq
Central African Republic
 
Answer Stats
Answer % Correct
Thailand
92%
Croatia
79%
Philippines
79%
Belize
77%
Denmark
77%
El Salvador
77%
Tuvalu
76%
Suriname
73%
Bangladesh
68%
Cameroon
63%
Ghana
56%
Iraq
53%
No matching quizzes found
Score Distribution
Percent of People with Each Score
Percentile by Number Answered
Your Score History
You have not taken this quiz